ATP Tennis Players in Top 15 - Statistics

General Stats
  • This quiz has been taken 289 times
  • The average score is 5 of 9
Answers on the Grid
Answers color-coded by a green-red scale on the quiz's grid according to % correct below.
Berretini
de Minaur
Dimitrov
Draper
Fils
Fonseca
Fritz
Hurkacz
Korda
Mensik
Paul
Rune
Ruud
Shelton
Sinner
Tiafoe
Tien
Tsistipas
 
Answer Stats
Answer % Correct
de Minaur
72%
Sinner
71%
Fritz
68%
Draper
65%
Ruud
56%
Rune
52%
Shelton
50%
Paul
38%
Fils
21%
No matching quizzes found
Score Distribution
Percent of People with Each Score
Percentile by Number Answered
Your Score History
You have not taken this quiz